00399nam a22001577a 4500003000400000005001700004008004100021040001000062041000800072082001600080100001800096245005100114260004700165300001500212650001400227OSt20250212153404.0250212b ||||| |||| 00| 0 eng d cimukc aeng a926.7bY681 aYoung, Gordon aFall and rise of Alfried Krupp /cGordon Young aLondon : bCassell, c1960. axi, 178 p. 0aBiography